000 00902nam a2200277Ia 4500
003 OSt
005 20220926025125.0
006 a|||||r|||| 00| 0
007 ta
008 220923b |||||||| |||| 00| 0 eng d
020 _a0199241996
_cPd 50.00
037 _b3081, 29/03/2001, Elite
_cGeneral Book
040 _aRTL
_cRTL
_beng
041 _2eng
_aeng
082 _aY.53.N9, P0
100 _aLayton Robert
_951933
245 0 _aAnthropology and history in franche-comte
_b A critique of social theory
260 _aOxford
_bOxford University Press
_c2000
300 _axiii, 392p
_ccm.
490 _aOxford Studies in Social and Cultural Anthropology
500 _aBibliography: P 366-81
650 _a France
_9248647
650 _aSocial Conditions
_9255135
942 _hY.53.N9, P0
_cGB
_2CC
999 _c646348
_d646348